Lanean...

Administrative theory UPSC/State civil services main examinations public administr /

Xehetasun bibliografikoak
Beste egile batzuk: Chopra , J. K. (Argitaratzailea)
Formatua: Printed Book
Hizkuntza:Undetermined
Argitaratua: New Delhi : Unique Publishers , 2013.
LEADER 00596nam a2200157Ia 4500
001 181586
008 170722s9999 xx 000 0 und d
020 |a 9788183571173 
245 |a Administrative theory  |b UPSC/State civil services main examinations public administr / 
260 |a New Delhi :  |b Unique Publishers ,  |c 2013. 
300 |a viii+335 
700 |a Chopra , J. K.  |e editor. 
923 |d 20130626  |n 140/13-14 
942 |c REF 
999 |c 150154  |d 150154 
952 |0 0  |1 0  |4 0  |6 Z_0BT5W285_Q3R  |7 0  |8 R  |9 211813  |a LIB  |b LIB  |d 2013-07-06  |e Prabhus Books  |o z0bT:5(W:28),5 Q3(R)  |p 291848  |r 2017-08-12  |v 270.00  |w 2017-08-12  |y REF